000
00306nam a2200097Ia 4500
005
20250424112858.0
008
250424s9999 xx 000 0 und d
300
_a
vi, 129 p. :ill. ; 22 cm.
650
_a
School management and organization--Nigeria--Periodicals. Education--Nigeria--Periodicals.
942
_c
SR
999
_c
37660
_d
37660